[Event "Carnaval U1800 Online"]
[Site "Chess.com"]
[Date "2021.02.21"]
[Round "4.1"]
[White "Hemphrey, David"]
[Black "Bilodeau-Savaria, Sandy-Rose"]
[Result "1-0"]
[WhiteElo "1478"]
[BlackElo "1537"]
[PlyCount "169"]
[EventDate "2021.02.20"]
[EventType "swiss"]
[EventRounds "6"]
[EventCountry "CAN"]

1. e4 c5 2. Nf3 d6 3. d4 cxd4 4. Nxd4 Nf6 5. Nc3 a6 6. f3 e5 7. Nb3 Be7 8. Be3
Be6 9. g4 Nbd7 10. h4 b5 11. a3 Qc7 12. h5 Nb6 13. g5 Nfd7 14. Qd2 Nc4 15. Bxc4
bxc4 16. Nc1 Nb6 17. N1e2 Qb7 18. Ng3 Rb8 19. Kf1 Rd8 20. Rd1 Na8 21. Kg2 Nc7
22. Nd5 Bxd5 23. exd5 Qxb2 24. Rb1 c3 25. Qd3 Qxa3 26. Nf5 Qa2 27. Rhd1 Qa4 28.
Rb7 Rc8 29. Nxg7+ Kf8 30. Qf5 Ne8 31. g6 hxg6 32. hxg6 Nf6 33. Qxc8+ Kxg7 34.
Qf5 Rh5 35. Qd3 Qh4 36. Kf1 Qh3+ 37. Ke2 Qg2+ 38. Bf2 Rh2 39. Qe3 Qxg6 40. Qxc3
Bf8 41. Qe3 Qxc2+ 42. Rd2 Qg6 43. Rb1 Rg2 44. Rf1 e4 45. fxe4 Qxe4 46. Qxe4
Nxe4 47. Rd3 Nc5 48. Ra3 Kf6 49. Kf3 Rg6 50. Ke2 Ke5 51. Rd1 Rg4 52. Bg3+ Kf6
53. Rf1+ Ke7 54. Raf3 Re4+ 55. Kd1 Rd4+ 56. Kc2 Rc4+ 57. Kd1 Rd4+ 58. Ke1 Re4+
59. Kf2 Bg7 60. Kg2 f6 61. Rb1 Re2+ 62. Kf1 Rd2 63. Rf5 Rd3 64. Kg2 a5 65. Rb6
Ne4 66. Rb7+ Kf8 67. Bh2 a4 68. Rf4 Rd2+ 69. Kg1 Rd1+ 70. Rf1 Rxd5 71. Re1 Rd4
72. Rc1 Nc5 73. Ra7 Rd2 74. Rb1 Kg8 75. Rb8+ Kh7 76. Rd8 Rd1+ 77. Kg2 Rd2+ 78.
Kh3 Rd3+ 79. Kg4 d5 80. Bd6 Rd4+ 81. Kf5 Nd3 82. Rdd7 Ne5 83. Rxg7+ Kh6 84.
Bxe5 fxe5 85. Rh7# 1-0

[Event "Carnaval U1800 Online"]
[Site "Chess.com"]
[Date "2021.02.21"]
[Round "4.2"]
[White "Ouazri, Ghassane Said"]
[Black "Yao, Henry"]
[Result "0-1"]
[WhiteElo "1623"]
[BlackElo "1677"]
[PlyCount "74"]
[EventDate "2021.02.20"]
[EventType "swiss"]
[EventRounds "6"]
[EventCountry "CAN"]

1. e4 e6 2. d4 d5 3. Bd3 Nf6 4. e5 Nfd7 5. Ne2 c5 6. c3 Nc6 7. a3 Qb6 8. b4
cxd4 9. cxd4 Be7 10. Nbc3 O-O 11. O-O f6 12. Na4 Qd8 13. f4 fxe5 14. fxe5 Rxf1+
15. Qxf1 Qf8 16. Qd1 a6 17. Be3 b5 18. Nc5 Nxc5 19. bxc5 Bd7 20. Ng3 g6 21. Qg4
Qg7 22. Ne2 Bxc5 23. dxc5 Nxe5 24. Qd4 Nxd3 25. Qxd3 Qxa1+ 26. Bc1 b4 27. axb4
Bb5 28. Qc3 Qxc3 29. Nxc3 d4 30. Ne4 Bc6 31. Nd6 e5 32. g3 Rb8 33. Bd2 e4 34.
Kf1 e3 35. Be1 d3 36. Bc3 d2 37. Ke2 Bf3+ 0-1

[Event "Carnaval U1800 Online"]
[Site "Chess.com"]
[Date "2021.02.21"]
[Round "4.3"]
[White "Duval, Mathieu"]
[Black "Batorshyn, Ilia"]
[Result "0-1"]
[WhiteElo "1363"]
[BlackElo "1449"]
[PlyCount "62"]
[EventDate "2021.02.20"]
[EventType "swiss"]
[EventRounds "6"]
[EventCountry "CAN"]

1. d4 d5 2. c4 c6 3. Nc3 Nf6 4. Nf3 Bf5 5. Bg5 e6 6. e3 Nbd7 7. Be2 h6 8. Bxf6
Nxf6 9. O-O Bd6 10. Rc1 O-O 11. cxd5 exd5 12. a3 Re8 13. b4 a5 14. Qb3 axb4 15.
axb4 Qb6 16. b5 Ra3 17. Qd1 Rea8 18. bxc6 bxc6 19. Qd2 Bb4 20. Qb2 Qa5 21. Ne5
Bxc3 22. Qb7 Qa7 23. Qxc6 Rc8 24. Qb5 Qb8 25. Rxc3 Raxc3 26. Qa6 Rc1 27. Nc6
R1xc6 28. Qa3 Rc3 29. Qa4 Rc1 30. Rxc1 Rxc1+ 31. Bf1 Bd3 0-1

[Event "Carnaval U1800 Online"]
[Site "Chess.com"]
[Date "2021.02.21"]
[Round "4.5"]
[White "Dugas, Hugues"]
[Black "Lynch, Jonathan"]
[Result "0-1"]
[WhiteElo "1488"]
[BlackElo "1669"]
[PlyCount "98"]
[EventDate "2021.02.20"]
[EventType "swiss"]
[EventRounds "6"]
[EventCountry "CAN"]

1. g3 e5 2. Bg2 Nf6 3. Nf3 d6 4. d3 h6 5. O-O c6 6. e4 Be6 7. Nbd2 Qd7 8. c3
Bh3 9. d4 Bxg2 10. Kxg2 Qc7 11. dxe5 dxe5 12. Nc4 Nbd7 13. Re1 b5 14. Ne3 g6
15. Nc2 Nc5 16. Nd2 Rd8 17. f3 h5 18. Qe2 Nd3 19. Rd1 h4 20. Nf1 Qd7 21. Bg5
Nh5 22. Kg1 f6 23. Be3 c5 24. Ne1 c4 25. Nxd3 cxd3 26. Qg2 hxg3 27. hxg3 Bh6
28. Rd2 Qh7 29. Rad1 f5 30. Rxd3 Rxd3 31. Rxd3 Bxe3+ 32. Nxe3 Nxg3 33. Nd5 Qh4
34. Nc7+ Ke7 35. Nd5+ Kf7 36. Nc7 Ne2+ 37. Kf1 Nf4 38. Rd7+ Kg8 39. Ne6 Qh1+
40. Qxh1 Rxh1+ 41. Kf2 Nxe6 42. exf5 gxf5 43. Re7 Nc5 44. Rxa7 Rh2+ 45. Kg3
Rxb2 46. Rc7 f4+ 47. Kg4 Nd3 48. Rd7 e4 49. fxe4 Ne5+ 0-1

[Event "Carnaval U1800 Online"]
[Site "Chess.com"]
[Date "2021.02.21"]
[Round "5.1"]
[White "Batorshyn, Ilia"]
[Black "Hemphrey, David"]
[Result "1-0"]
[WhiteElo "1449"]
[BlackElo "1478"]
[PlyCount "51"]
[EventDate "2021.02.20"]
[EventType "swiss"]
[EventRounds "6"]
[EventCountry "CAN"]

1. b3 Nf6 2. Bb2 d5 3. e3 e6 4. f4 c5 5. Nf3 Nc6 6. Bb5 Bd7 7. O-O Be7 8. Bxc6
Bxc6 9. Ne5 Bb5 10. Rf3 d4 11. c3 dxe3 12. Rxe3 Nd5 13. Rg3 Nxf4 14. c4 Bc6 15.
Nxc6 bxc6 16. Bxg7 Rg8 17. Kh1 Qd6 18. Be5 Qxe5 19. Rxg8+ Bf8 20. Nc3 O-O-O 21.
Qf3 Kc7 22. Rf1 Bd6 23. Rxd8 Kxd8 24. g3 Nd3 25. Qxd3 h5 26. Ne4 1-0

[Event "Carnaval U1800 Online"]
[Site "Chess.com"]
[Date "2021.02.21"]
[Round "5.2"]
[White "Yao, Henry"]
[Black "Bilodeau-Savaria, Sandy-Rose"]
[Result "1/2-1/2"]
[WhiteElo "1677"]
[BlackElo "1537"]
[PlyCount "85"]
[EventDate "2021.02.20"]
[EventType "swiss"]
[EventRounds "6"]
[EventCountry "CAN"]

1. e4 c5 2. Nf3 d6 3. d4 cxd4 4. Nxd4 Nf6 5. Nc3 a6 6. Bc4 e6 7. f3 Be7 8. Be3
Qc7 9. Bb3 Nc6 10. Qd2 Nxd4 11. Bxd4 e5 12. Be3 Be6 13. O-O-O b5 14. Kb1 Nd7
15. Nd5 Bxd5 16. Bxd5 Rc8 17. g4 Nb6 18. Bb3 Nc4 19. Bxc4 bxc4 20. c3 a5 21.
Ka1 Rb8 22. Qc2 Qb7 23. Qa4+ Qb5 24. Qxb5+ Rxb5 25. Rd2 Kd7 26. Rhd1 g6 27. Rd5
Rhb8 28. Rxb5 Rxb5 29. Kb1 Ke6 30. Kc2 f5 31. a4 Rb8 32. Rd2 fxe4 33. fxe4 Bd8
34. Kd1 Bc7 35. Ke2 Kd7 36. Kf3 Kc6 37. h4 Rf8+ 38. Kg2 h5 39. g5 Rf7 40. Rd5
Rf8 41. Rd2 Rf7 42. Rd5 Rf8 43. Rd2 1/2-1/2

[Event "Carnaval U1800 Online"]
[Site "Chess.com"]
[Date "2021.02.21"]
[Round "5.3"]
[White "Guillemette, Thomas"]
[Black "Ouazri, Ghassane Said"]
[Result "0-1"]
[WhiteElo "891"]
[BlackElo "1623"]
[PlyCount "120"]
[EventDate "2021.02.20"]
[EventType "swiss"]
[EventRounds "6"]
[EventCountry "CAN"]

1. e4 c5 2. Nf3 d6 3. d4 cxd4 4. Nxd4 Nf6 5. Nc3 a6 6. Be3 e5 7. Nf3 Be7 8. Bc4
Be6 9. Bd5 Qc7 10. O-O Nbd7 11. Re1 Bxd5 12. Nxd5 Nxd5 13. Qxd5 Nf6 14. Qd3 Rc8
15. c3 Qc4 16. Qxc4 Rxc4 17. Nd2 Rc6 18. f3 Kd7 19. Rad1 Rhc8 20. c4 Bd8 21. b3
Bb6 22. Bxb6 Rxb6 23. a3 a5 24. Rb1 Ke6 25. b4 axb4 26. axb4 Nd7 27. h4 h5 28.
Rec1 Rbc6 29. Rc2 b5 30. Rbc1 bxc4 31. Rxc4 Rxc4 32. Rxc4 Rxc4 33. Nxc4 d5 34.
Ne3 dxe4 35. fxe4 Nf6 36. Nf5 g6 37. Ng3 Kd6 38. Kf2 Kc6 39. Kf3 Kb5 40. Nf1
Kxb4 41. Ne3 Kc5 42. g4 Kd4 43. gxh5 Nxh5 44. Ng4 f5 45. exf5 gxf5 46. Ne3 e4+
47. Kf2 f4 48. Ng2 Kd3 49. Ke1 f3 50. Nf4+ Nxf4 51. h5 Nxh5 52. Kf2 Nf4 53. Ke1
e3 54. Kf1 Kd2 55. Kg1 Nd3 56. Kf1 e2+ 57. Kg1 e1=Q+ 58. Kh2 Qh4+ 59. Kg1 Qg3+
60. Kf1 Qf2# 0-1

[Event "Carnaval U1800 Online"]
[Site "Chess.com"]
[Date "2021.02.21"]
[Round "5.4"]
[White "Munshi, Rubayat"]
[Black "Duval, Mathieu"]
[Result "0-1"]
[WhiteElo "1497"]
[BlackElo "1363"]
[PlyCount "84"]
[EventDate "2021.02.20"]
[EventType "swiss"]
[EventRounds "6"]
[EventCountry "CAN"]

1. e4 c5 2. c4 Nc6 3. g3 d6 4. Bg2 g6 5. Ne2 Bg7 6. d3 Nf6 7. Nbc3 O-O 8. Rb1
Rb8 9. a4 Nb4 10. O-O Bd7 11. f4 a6 12. h3 Qc7 13. Rf3 b5 14. axb5 axb5 15. b3
bxc4 16. bxc4 Bc6 17. g4 Ra8 18. Rg3 Ra5 19. h4 h5 20. g5 Ng4 21. Bf3 Bd7 22.
Nb5 Qb6 23. Qb3 Bxb5 24. cxb5 Qxb5 25. Bxg4 hxg4 26. Bd2 Rb8 27. Nc3 Qd7 28.
Nd5 Rab5 29. Nxb4 cxb4 30. Be3 Qc7 31. Rc1 Qa5 32. Rc2 Qa3 33. Qc4 b3 34. Rc1
b2 35. Rb1 Ra5 36. Qc7 Raa8 37. Qc2 Qa1 38. Kg2 Qxb1 39. Qxb1 Ra1 40. Qc2 b1=Q
41. Qc7 Rb2+ 42. Bf2 Qh1# 0-1

[Event "Carnaval U1800 Online"]
[Site "Chess.com"]
[Date "2021.02.21"]
[Round "6.1"]
[White "Bilodeau-Savaria, Sandy-Rose"]
[Black "Batorshyn, Ilia"]
[Result "1/2-1/2"]
[WhiteElo "1537"]
[BlackElo "1449"]
[PlyCount "77"]
[EventDate "2021.02.20"]
[EventType "swiss"]
[EventRounds "6"]
[EventCountry "CAN"]

1. d4 d5 2. c4 c6 3. Nf3 Nf6 4. Nc3 Bf5 5. e3 e6 6. Bd3 Bxd3 7. Qxd3 Nbd7 8.
O-O Bd6 9. Re1 Bb4 10. a3 Bxc3 11. bxc3 Ne4 12. cxd5 exd5 13. Nd2 f5 14. f3
Nxd2 15. Bxd2 O-O 16. e4 fxe4 17. fxe4 Nf6 18. Bg5 dxe4 19. Rxe4 h6 20. Bxf6
Qxf6 21. Rae1 Rf7 22. h3 Qf2+ 23. Kh1 Raf8 24. c4 Qf5 25. d5 cxd5 26. cxd5 Rd7
27. d6 Qg6 28. Qd5+ Kh7 29. Re6 Qf5 30. Qd4 a6 31. Re7 Rf7 32. Rxd7 Qxd7 33.
Qe4+ Qf5 34. Qb4 a5 35. Qd4 Qd7 36. Qb6 Qf5 37. Qd4 Qd7 38. Qe4+ Qf5 39. Qd4
1/2-1/2

[Event "Carnaval U1800 Online"]
[Site "Chess.com"]
[Date "2021.02.21"]
[Round "6.2"]
[White "Hemphrey, David"]
[Black "Munshi, Rubayat"]
[Result "1-0"]
[WhiteElo "1478"]
[BlackElo "1497"]
[PlyCount "79"]
[EventDate "2021.02.20"]
[EventType "swiss"]
[EventRounds "6"]
[EventCountry "CAN"]

1. e4 e5 2. Nf3 d6 3. d4 exd4 4. Nxd4 Nd7 5. Bd3 Be7 6. O-O Ne5 7. Be2 Nf6 8.
Nc3 c6 9. f4 Ng6 10. Be3 a6 11. g4 O-O 12. Nf5 Qc7 13. Qe1 Bxf5 14. gxf5 Nh8
15. Qg3 Rfe8 16. e5 dxe5 17. fxe5 Nd5 18. Nxd5 cxd5 19. Bd3 f6 20. e6 Qxg3+ 21.
hxg3 Rac8 22. Rad1 Rc6 23. c3 b5 24. Bc2 Bc5 25. Bxc5 Rxc5 26. Bb3 Kf8 27. Rxd5
Rc7 28. Kg2 Rb7 29. Rh1 g6 30. Rd7 Re7 31. Rxe7 Rxe7 32. g4 Kg7 33. Rd1 a5 34.
Rd5 a4 35. Bc2 Rb7 36. a3 Kh6 37. Bd3 Rg7 38. Kf3 gxf5 39. Rxf5 Ng6 40. Rh5#
1-0

[Event "Carnaval U1800 Online"]
[Site "Chess.com"]
[Date "2021.02.21"]
[Round "6.3"]
[White "Duval, Mathieu"]
[Black "Yao, Henry"]
[Result "1-0"]
[WhiteElo "1363"]
[BlackElo "1677"]
[PlyCount "89"]
[EventDate "2021.02.20"]
[EventType "swiss"]
[EventRounds "6"]
[EventCountry "CAN"]

1. d4 d5 2. c4 dxc4 3. Nc3 Nf6 4. e4 e5 5. d5 Bd6 6. Bxc4 Nbd7 7. Nf3 h6 8. O-O
O-O 9. Bd2 Nc5 10. Qc2 a6 11. a4 Bg4 12. Be2 Bh5 13. Rac1 Bg6 14. Bd3 Qe7 15.
Rb1 Rad8 16. b4 Nxd3 17. Qxd3 Bxb4 18. Nxe5 Qxe5 19. Rxb4 Nxd5 20. Nxd5 Rxd5
21. Qxd5 Qe7 22. Qxb7 Rd8 23. Be3 a5 24. Rd4 Re8 25. f3 Qa3 26. Bf2 c5 27. Rc4
Qa2 28. Rxc5 Qxa4 29. Qb5 Qxb5 30. Rxb5 Ra8 31. Ra1 a4 32. Rb4 a3 33. Rb3 a2
34. Rb2 Kh7 35. Rbxa2 Rb8 36. Ra7 Rb2 37. Bd4 Rd2 38. Be3 Re2 39. R7a3 Rc2 40.
Rc1 Rb2 41. Rc8 Bh5 42. g4 Bg6 43. Raa8 Rb1+ 44. Kg2 Rb2+ 45. Kg3 1-0

[Event "Carnaval U1800 Online"]
[Site "Chess.com"]
[Date "2021.02.21"]
[Round "6.4"]
[White "Ouazri, Ghassane Said"]
[Black "Lynch, Jonathan"]
[Result "1-0"]
[WhiteElo "1623"]
[BlackElo "1669"]
[PlyCount "127"]
[EventDate "2021.02.20"]
[EventType "swiss"]
[EventRounds "6"]
[EventCountry "CAN"]

1. e4 d6 2. d4 Nf6 3. Nc3 Nbd7 4. f4 e5 5. Nf3 exd4 6. Qxd4 c6 7. Be3 d5 8.
O-O-O Bc5 9. Qd2 Bb4 10. exd5 Qa5 11. dxc6 bxc6 12. Bd4 O-O 13. a3 Bxa3 14. Nb1
Bb4 15. Bc3 c5 16. Bd3 Nb6 17. Ne5 Bb7 18. Nc4 Nxc4 19. Bxc4 Ne4 20. Bxb4 cxb4
21. Qe2 Qc5 22. Rhf1 Rac8 23. Bd3 f5 24. g4 Rfe8 25. Rfe1 Kf8 26. Qe3 Qa5 27.
Qd4 Red8 28. Qe3 Qa1 29. gxf5 Rc3 30. f6 Bd5 31. fxg7+ Kg8 32. Qd4 Rd6 33. Qxb4
Ba2 34. Qb8+ Kxg7 35. Rg1+ Rg6 36. Qxa7+ Kh6 37. Rxg6+ hxg6 38. Qxa2 Qxa2 39.
bxc3 Nf2 40. Rd2 Nxd3+ 41. cxd3 Qa7 42. d4 Qf7 43. d5 Qxf4 44. d6 Qf8 45. d7
Qd8 46. c4 Kg7 47. c5 Kf7 48. c6 Ke7 49. Kd1 Qc7 50. d8=Q+ Qxd8 51. Rxd8 Kxd8
52. Ke2 Kc7 53. Kf3 Kxc6 54. Kg4 Kd6 55. Kg5 Ke7 56. Kxg6 Kf8 57. Kh7 Kf7 58.
h4 Kf8 59. h5 Kf7 60. h6 Kf8 61. Nc3 Kf7 62. Ne4 Kf8 63. Ng5 Ke7 64. Kg7 1-0

[Event "Carnaval U1800 Online"]
[Site "Chess.com"]
[Date "2021.02.21"]
[Round "6.5"]
[White "Suresh, Pravan"]
[Black "Guillemette, Thomas"]
[Result "1-0"]
[WhiteElo "772"]
[BlackElo "891"]
[PlyCount "201"]
[EventDate "2021.02.20"]
[EventType "swiss"]
[EventRounds "6"]
[EventCountry "CAN"]

1. e4 c5 2. Nf3 d6 3. Bb5+ Bd7 4. Bxd7+ Nxd7 5. Nc3 Ngf6 6. O-O g6 7. d4 cxd4
8. Qxd4 Bg7 9. Bg5 O-O 10. e5 dxe5 11. Nxe5 Nxe5 12. Qxe5 Re8 13. Rfd1 Qc8 14.
Nb5 Rd8 15. Qxe7 Re8 16. Qc7 a6 17. Qxc8 Raxc8 18. Nd6 Rxc2 19. Nxe8 Nxe8 20.
Rd8 Re2 21. Kf1 Re6 22. Re1 Rxe1+ 23. Kxe1 Kf8 24. b3 f6 25. Bd2 Ke7 26. Rb8 b5
27. Bb4+ Kd7 28. Rb7+ Kc6 29. Re7 Bf8 30. Rxe8 Bxb4+ 31. Ke2 Bd6 32. Re6 f5 33.
g3 Kd5 34. Re3 Kc5 35. f4 Kb4 36. Rd3 Bc5 37. Kf1 Ka3 38. Rd5 Bb4 39. Rd7 h6
40. Rg7 Kxa2 41. Rxg6 Kxb3 42. Rxa6 Bf8 43. Ke2 b4 44. Kd1 Kb2 45. Rc6 b3 46.
Re6 Ka1 47. Ra6+ Kb1 48. Ra4 b2 49. h3 Be7 50. g4 fxg4 51. hxg4 Bd8 52. f5 Be7
53. Ra6 Bc5 54. f6 Bb4 55. Rb6 Bc5 56. Rb5 Ka2 57. Kc2 Bf8 58. Rxb2+ Ka3 59.
Rb8 Bd6 60. Rc8 Kb4 61. f7 Kb5 62. f8=Q Bxf8 63. Rxf8 Kc5 64. Rf6 Kd5 65. Rxh6
Ke5 66. g5 Kf5 67. g6 Kf6 68. Kd3 Kg7 69. Rh3 Kxg6 70. Ke4 Kf6 71. Rf3+ Ke6 72.
Rf5 Kd6 73. Kd4 Kc6 74. Kc4 Kd6 75. Rd5+ Ke6 76. Kc5 Kf6 77. Kd6 Kf7 78. Kd7
Kf6 79. Kd6 Kf7 80. Rf5+ Kg6 81. Ke6 Kg7 82. Rf7+ Kg6 83. Rf5 Kg7 84. Rg5+ Kf8
85. Kf6 Ke8 86. Rg7 Kf8 87. Rf7+ Ke8 88. Ke6 Kd8 89. Rd7+ Ke8 90. Re7+ Kd8 91.
Kd6 Kc8 92. Rc7+ Kd8 93. Ra7 Kc8 94. Kc6 Kd8 95. Rd7+ Ke8 96. Kd6 Kf8 97. Ke6
Ke8 98. Rd1 Kf8 99. Kf6 Ke8 100. Rd6 Kf8 101. Rd8# 1-0

[Event "Carnaval U2200 Online"]
[Site "Chess.com"]
[Date "2021.02.20"]
[Round "1.1"]
[White "Mok, Yuen Tak"]
[Black "Dube, Dominic"]
[Result "1-0"]
[WhiteElo "2082"]
[BlackElo "1781"]
[PlyCount "69"]
[EventDate "2021.02.20"]
[EventType "swiss"]
[EventRounds "6"]
[EventCountry "CAN"]

1. Nf3 c6 2. c4 d5 3. b3 Bf5 4. Bb2 e6 5. g3 Nd7 6. d3 Ngf6 7. Nh4 Bg6 8. Bg2
Qc7 9. Nd2 Bd6 10. a3 O-O 11. Nxg6 fxg6 12. O-O Nh5 13. Rc1 Qd8 14. b4 b6 15.
b5 cxb5 16. cxd5 e5 17. Ne4 Nc5 18. Nxd6 Qxd6 19. d4 exd4 20. Bxd4 Rae8 21. Qc2
Nf6 22. Qb2 a6 23. Rfd1 Re7 24. f3 Nxd5 25. Bxc5 bxc5 26. e4 Qf6 27. Qa2 c4 28.
Rxd5 Qb6+ 29. Kh1 Qe3 30. Qb2 g5 31. Qc3 Qb6 32. Rcd1 h6 33. a4 Kh7 34. Qb4 g4
35. Qxe7 1-0

[Event "Carnaval U2200 Online"]
[Site "Chess.com"]
[Date "2021.02.20"]
[Round "1.2"]
[White "Varro, Daniel"]
[Black "Turcotte, Jonathan"]
[Result "0-1"]
[WhiteElo "1764"]
[BlackElo "2007"]
[PlyCount "102"]
[EventDate "2021.02.20"]
[EventType "swiss"]
[EventRounds "6"]
[EventCountry "CAN"]

1. d4 d5 2. c4 c6 3. cxd5 cxd5 4. Bf4 Nc6 5. Nc3 Nf6 6. e3 Bf5 7. Qb3 Na5 8.
Qa4+ Bd7 9. Qc2 e6 10. Bd3 Rc8 11. h3 Bb4 12. Nf3 Nc4 13. O-O Nxb2 14. Qxb2
Bxc3 15. Qa3 Qa5 16. Qxa5 Bxa5 17. Rfc1 O-O 18. Ne5 Ba4 19. Rab1 Rxc1+ 20. Rxc1
Nd7 21. Nf3 f6 22. Bd6 Rd8 23. Be7 Re8 24. Bd6 Nb6 25. Bc5 Rc8 26. Rb1 Bc6 27.
Ne1 Na4 28. Bb4 Bd8 29. f4 Nb6 30. Bc5 Nc4 31. Kf2 b6 32. Bb4 a5 33. Bc3 b5 34.
Nc2 b4 35. Nxb4 axb4 36. Bxb4 Ra8 37. a3 Kf7 38. Rc1 Bb5 39. Be2 Be7 40. Rb1
Bc6 41. g4 Nxa3 42. Rb2 Nc4 43. Bxc4 dxc4 44. Bxe7 Kxe7 45. Ke2 g5 46. fxg5
fxg5 47. Kd2 Ra3 48. Rb4 Bd5 49. e4 Bxe4 50. Rxc4 Rxh3 51. Ke2 Bd3+ 0-1

[Event "Carnaval U2200 Online"]
[Site "Chess.com"]
[Date "2021.02.20"]
[Round "1.3"]
[White "Couture, Jonathan"]
[Black "Gerard, Patrice"]
[Result "0-1"]
[WhiteElo "1868"]
[BlackElo "1744"]
[PlyCount "80"]
[EventDate "2021.02.20"]
[EventType "swiss"]
[EventRounds "6"]
[EventCountry "CAN"]

1. e4 c5 2. Nf3 Nc6 3. Nc3 g6 4. d4 Bg7 5. dxc5 Bxc3+ 6. bxc3 Qa5 7. Bd2 Qxc5
8. Bd3 d6 9. h3 Nf6 10. Qe2 a6 11. a4 Bd7 12. O-O Nh5 13. Rfb1 Nd8 14. Be3 Qc6
15. e5 O-O 16. g4 Ng7 17. Ra3 f5 18. Nd4 Qc5 19. Rbb3 Qxe5 20. Nf3 Qe6 21. Bc4
d5 22. Rb6 Bc6 23. Nd4 Qd6 24. Nxc6 bxc6 25. Rab3 dxc4 26. Qxc4+ Kh8 27. Rxa6
Rxa6 28. Qxa6 fxg4 29. hxg4 Qd1+ 30. Kh2 Qxg4 31. Rb4 Qh5+ 32. Kg1 Qd1+ 33. Qf1
Qxc2 34. Rh4 Nf5 35. Bd4+ Nxd4 36. Rxd4 Qxc3 37. Qd1 Ne6 38. Rd3 Qc5 39. Qa1+
Rf6 40. Qa2 Nd4 0-1

[Event "Carnaval U2200 Online"]
[Site "Chess.com"]
[Date "2021.02.20"]
[Round "1.4"]
[White "Dube, Daniel"]
[Black "Guipi Bopala, Prince Eric jr"]
[Result "1/2-1/2"]
[WhiteElo "1737"]
[BlackElo "1859"]
[PlyCount "54"]
[EventDate "2021.02.20"]
[EventType "swiss"]
[EventRounds "6"]
[EventCountry "CAN"]

1. e4 c6 2. d4 d5 3. Nc3 dxe4 4. Nxe4 Bf5 5. Ng3 Bg6 6. Nf3 Nd7 7. Bd3 Bxd3 8.
Qxd3 Ngf6 9. O-O e6 10. c4 Be7 11. b3 O-O 12. Bb2 Re8 13. Rad1 Nf8 14. Ne4 Ng6
15. g3 Qc7 16. h4 Rad8 17. Nxf6+ Bxf6 18. h5 Ne5 19. Nxe5 Bxe5 20. Qe4 Bf6 21.
Rd2 Qa5 22. Qc2 Qxh5 23. Kg2 Qf5 24. Qxf5 exf5 25. Rfd1 g6 26. d5 Bxb2 27. Rxb2
cxd5 1/2-1/2

[Event "Carnaval U2200 Online"]
[Site "Chess.com"]
[Date "2021.02.20"]
[Round "1.5"]
[White "Lesage, Philippe"]
[Black "Tsanaclis, Albert"]
[Result "1/2-1/2"]
[WhiteElo "1855"]
[BlackElo "1658"]
[PlyCount "67"]
[EventDate "2021.02.20"]
[EventType "swiss"]
[EventRounds "6"]
[EventCountry "CAN"]

1. Nf3 d5 2. c4 dxc4 3. Qa4+ Nc6 4. Ne5 Bd7 5. Nxd7 Qxd7 6. Qxc4 Ne5 7. Qe4 Qc6
8. Nc3 Qxe4 9. Nxe4 O-O-O 10. d3 Nf6 11. Nc3 e6 12. g3 Bc5 13. Bg2 Nfg4 14. O-O
f5 15. h3 Nf6 16. Bf4 Ned7 17. Rac1 e5 18. Bd2 Kb8 19. Nd5 c6 20. Nxf6 gxf6 21.
b4 Bd6 22. a4 Bc7 23. a5 a6 24. Rc2 f4 25. g4 h5 26. Be4 hxg4 27. hxg4 f5 28.
Bxf5 Nf6 29. Kg2 Rhg8 30. f3 Nh5 31. Be1 Rdf8 32. Be4 Nf6 33. Bf5 Nh5 34. Be4
1/2-1/2

[Event "Carnaval U2200 Online"]
[Site "Chess.com"]
[Date "2021.02.20"]
[Round "1.6"]
[White "Dupont-Mageau, Nicolas"]
[Black "Levesque-Duchesne, Merlin"]
[Result "1/2-1/2"]
[WhiteElo "1641"]
[BlackElo "1786"]
[PlyCount "140"]
[EventDate "2021.02.20"]
[EventType "swiss"]
[EventRounds "6"]
[EventCountry "CAN"]

1. e4 c5 2. Nf3 d6 3. d4 cxd4 4. Nxd4 Nf6 5. Nc3 a6 6. Bg5 e6 7. Bc4 b5 8. Bb3
Be7 9. O-O O-O 10. a3 Nbd7 11. Nc6 Qe8 12. f4 Bb7 13. Nxe7+ Qxe7 14. Qe1 h6 15.
Bh4 Rfe8 16. e5 dxe5 17. fxe5 Qc5+ 18. Kh1 Qxe5 19. Qxe5 Nxe5 20. Bxf6 gxf6 21.
Rxf6 Kg7 22. Rf4 Rad8 23. Re1 Ng6 24. Rf2 Rd4 25. Ref1 f5 26. Kg1 Kf6 27. Ne2
Rg4 28. g3 Be4 29. Nf4 Nxf4 30. Rxf4 Rxf4 31. Rxf4 Rd8 32. Rf2 e5 33. c3 Kg5
34. Bc2 Bxc2 35. Rxc2 Kg4 36. Kg2 h5 37. h3+ Kg5 38. Rf2 e4 39. h4+ Kf6 40. Re2
Rd3 41. Kf2 Rf3+ 42. Kg2 Ke5 43. Rf2 Rxf2+ 44. Kxf2 f4 45. gxf4+ Kxf4 46. b3
e3+ 47. Ke2 Ke4 48. c4 bxc4 49. bxc4 Kd4 50. c5 Kxc5 51. Kxe3 Kd5 52. Kf4 Kd4
53. Kg5 Ke5 54. Kxh5 Kf5 55. Kh6 Kf6 56. h5 a5 57. a4 Kf7 58. Kg5 Kg7 59. Kf5
Kh6 60. Ke5 Kxh5 61. Kd5 Kg6 62. Kc5 Kf7 63. Kb5 Ke7 64. Kxa5 Kd7 65. Kb6 Kc8
66. Ka7 Kc7 67. a5 Kc8 68. Ka8 Kc7 69. a6 Kc8 70. a7 Kc7 1/2-1/2

[Event "Carnaval U2200 Online"]
[Site "Chess.com"]
[Date "2021.02.20"]
[Round "2.1"]
[White "Gerard, Patrice"]
[Black "Mok, Yuen Tak"]
[Result "0-1"]
[WhiteElo "1744"]
[BlackElo "2082"]
[PlyCount "161"]
[EventDate "2021.02.20"]
[EventType "swiss"]
[EventRounds "6"]
[EventCountry "CAN"]

1. e4 c6 2. d4 d5 3. exd5 cxd5 4. c4 Nf6 5. Nc3 g6 6. Bf4 Bg7 7. Nf3 O-O 8. b3
Nc6 9. Rc1 b6 10. Be2 Bb7 11. O-O Rc8 12. Qd2 Ne4 13. Qe3 Nxc3 14. Rxc3 dxc4
15. d5 Nb4 16. Rxc4 Nxd5 17. Qd2 Rxc4 18. Bxc4 Nxf4 19. Qxf4 e6 20. Qg3 Qb8 21.
Qh3 h6 22. Re1 Rd8 23. Nh4 Rd6 24. Qg3 Qd8 25. h3 Kh7 26. Nf3 Rd1 27. Rxd1
Qxd1+ 28. Kh2 Qc2 29. Ne1 Qe4 30. f3 Qe3 31. Nd3 Bd5 32. Ba6 Bd4 33. Qc7 Kg7
34. Qc2 h5 35. Bc4 Bb7 36. Bb5 h4 37. Qc1 Qxc1 38. Nxc1 Kf8 39. Ne2 Be5+ 40. f4
Bd6 41. g3 hxg3+ 42. Kxg3 Ke7 43. h4 Be4 44. Nc3 Bb7 45. a4 Bb4 46. Ne2 Bc5 47.
Bc4 Be4 48. Nc3 Bc2 49. Nb5 a5 50. Kf3 Kf6 51. Nc3 Bb4 52. Ne4+ Ke7 53. Ng5 Be1
54. Kg4 Bd1+ 55. Kh3 Bc2 56. Kg4 Bf5+ 57. Kf3 Bxh4 58. Ne4 Bf6 59. Bb5 Bd4 60.
Bc4 Bc5 61. Bb5 Bb4 62. Bc4 f6 63. Ng3 Bc2 64. Nf1 Bc5 65. Nd2 Bd1+ 66. Kg3 Bd6
67. Ne4 Bc2 68. Kf3 Bd1+ 69. Ke3 Bc5+ 70. Kd2 Bh5 71. Ng3 Bf3 72. Kd3 Bd5 73.
Ne4 Bd6 74. Ke3 Bc7 75. Nc3 Bxc4 76. bxc4 g5 77. fxg5 fxg5 78. Kf3 Bf4 79. Ke4
Kd6 80. Nb5+ Kc5 81. Nc7 0-1

[Event "Carnaval U2200 Online"]
[Site "Chess.com"]
[Date "2021.02.20"]
[Round "2.2"]
[White "Turcotte, Jonathan"]
[Black "Magner, Wilhelm"]
[Result "1-0"]
[WhiteElo "2007"]
[BlackElo "1459"]
[PlyCount "73"]
[EventDate "2021.02.20"]
[EventType "swiss"]
[EventRounds "6"]
[EventCountry "CAN"]

1. d4 d5 2. c4 c6 3. Nf3 Bf5 4. Nc3 e6 5. Qb3 Qb6 6. c5 Qc7 7. Bf4 Qc8 8. e3
Nf6 9. Be2 Be7 10. O-O O-O 11. Rfc1 Nbd7 12. Qd1 h6 13. h3 b6 14. b4 a5 15. a3
Qb7 16. Na4 Bd8 17. b5 Rc8 18. bxc6 Qxc6 19. Ba6 b5 20. Bxc8 Qxc8 21. Nc3 Qc6
22. Qe2 b4 23. axb4 axb4 24. Nb5 b3 25. Na7 Qa8 26. Qb5 g5 27. Bd6 Be7 28. Nc6
Qxc6 29. Qxc6 Bxd6 30. cxd6 b2 31. Ne5 Nb8 32. Qb5 bxc1=Q+ 33. Rxc1 Ne4 34. d7
Nd6 35. Qb4 f6 36. Qxd6 fxe5 37. Qxf8+ 1-0

[Event "Carnaval U2200 Online"]
[Site "Chess.com"]
[Date "2021.02.20"]
[Round "2.3"]
[White "Guipi Bopala, Prince Eric jr"]
[Black "Dupont-Mageau, Nicolas"]
[Result "0-1"]
[WhiteElo "1859"]
[BlackElo "1641"]
[PlyCount "104"]
[EventDate "2021.02.20"]
[EventType "swiss"]
[EventRounds "6"]
[EventCountry "CAN"]

1. d4 f5 2. c4 Nf6 3. Nf3 e6 4. g3 b6 5. Bg2 Bb7 6. O-O d6 7. Nbd2 Be7 8. Qc2
O-O 9. b3 Qe8 10. Bb2 Qh5 11. Rac1 Nbd7 12. Rfe1 Ne4 13. Nxe4 Bxe4 14. Qc3 Nf6
15. Nd2 Bxg2 16. Kxg2 Ng4 17. h3 Nf6 18. e4 f4 19. gxf4 Qg6+ 20. Qg3 Nh5 21.
Qxg6 Nxf4+ 22. Kh2 Nxg6 23. f3 Nf4 24. Rc3 Bh4 25. Rf1 Ne2 26. Re3 Ng3 27. Rg1
Nh5 28. Rg4 Be7 29. Re1 Nf6 30. Rg2 a5 31. e5 dxe5 32. Rxe5 Bd6 33. f4 Bxe5 34.
fxe5 Nh5 35. Ne4 Nf4 36. Rg3 Ng6 37. d5 Rf4 38. Re3 exd5 39. cxd5 Re8 40. e6
Ne7 41. Be5 Rf5 42. Bc3 Nxd5 43. Rg3 Nxc3 44. Rxc3 Rxe6 45. Ng3 Rc5 46. Rd3
Rc2+ 47. Kg1 Re1+ 48. Nf1 Rxa2 49. Rd8+ Kf7 50. Rd7+ Re7 51. Rd3 Ke8 52. Ne3
Rd7 0-1